00376nam a22001337a 450000500170000000800410001704100120005808200130007010000120008324500390009526000510013430000310018565000260021620240816133604.0240816b |||||||| |||| 00| 0 eng d aEnglish a349 LAW  lEnglish aThe Law Reports: Probate Division  aLondon: bWilliam Clowes and Sons Ltd, c1927  bxviii, 335 pages;c25 cm.  aLegal practice bLaw